000 00559nam a2200217Ia 4500
003 IN-BaIIA
008 211028s9999 xx 000 0 eng d
020 _a978-0-486-66895-6
040 _cIIA Library
080 _a531
_bMAX
100 _aMaxwell, James Clerk
_97049
245 0 _aMatter and motion
_cJames Clerk Maxwell
260 _aNew York
_bDover Publications
_c1991
300 _a163p.
650 _aEnergy
_91942
650 _aForce
_924796
650 _aMass
_918672
650 _aMotion
_95613
650 _aRecapitulation
_924797
942 _cBK
999 _c14099
_d14099